Quiz sur Charleville-Mézières - Statistiques

Statistiques générales
  • Ce quiz a été pris 22 fois
  • Le résultat moyen est 8 sur 12
Statistiques - réponses
Questions Réponses % Correct
Dans quel département ce trouve Charleville-Mézières ? Ardennes (08)
100%
Fleuve qui traverse Charleville-Mézières Meuse
100%
Quel poète connu internationalement est originaire de Charleville-Mézières ? Arthur Rimbaud
82%
Quel cabaret connu internationalement a lieu chaque année à Charleville-Mézières ? Cabaret Vert
82%
Comment est appelée la place la plus célèbre de Charleville-Mézières ? Place Ducale
82%
Citez une ville ayant fusionnées en 1966 et formant actuellement Charleville-Mézières Charleville, Mézières, Mohon, Étion, Montcy-Saint-Pierre
77%
Quel est le quartier le plus peuplé de Charleville-Mézières ? La Ronde-Couture
73%
Comment s'appelle le mont célèbre de Charleville-Mézières connu pour ses espaces verts... ? Mont Olympe
68%
Comment appelle-t-on les habitants de Charleville-Mézières ? Carolomacériens
45%
Citez une ville faisant partie de l'unité urbaine de Charleville-Mézières Les Ayvelles, La Francheville, Montcy-Notre-Dame, Prix-lès-Mézières, Saint-Laurent, Villers-Semeuse, Warcq
45%
Qui a fondé Charleville en 1606 ? Charles de Gonzague
41%
Quel est le festival connu internationalement ce déroulant chaque année à Charleville-Mézières ? Festival des marionnettes
36%
Aucun quiz correspondant
Distribution des résultats
% des personnes avec chaque résultat
Percentile par nombre de réponses
Votre historique - résultats
Vous n’avez pas pris ce quiz